000 00597cam a2200205 4500500
005 20260405003728.0
041 _afre
042 _adc
100 1 0 _aLegros, Martin
_eauthor
245 0 0 _aLes enfants de Colombie, sauvés par la nature ?
260 _c2023.
500 _a41
690 _aAmazonie
690 _aColombie
690 _aJungle
690 _aSauvage
690 _aSurvie
786 0 _nPhilosophie magazine | 171 | 8 | 2023-07-01 | p. 16-16 | 1951-1787
856 4 1 _uhttps://shs.cairn.info/magazine-philosophie-magazine-2023-8-page-16?lang=fr&redirect-ssocas=7080
999 _c2070259
_d2070259